The Americas by Capitals and Borders in 30 Seconds - Statistics

General Stats
  • This quiz has been taken 1,223 times
  • The average score is 21 of 24
Answers on the Map
Answers color-coded by a green-red scale on the quiz's map according to % correct below.
 
Answer Stats
Country % Correct
United States
100%
Mexico
99%
Canada
97%
Brazil
96%
Colombia
96%
Argentina
95%
Bolivia
95%
Peru
95%
Paraguay
94%
Uruguay
94%
Venezuela
94%
Guyana
92%
Suriname
91%
Chile
89%
Ecuador
84%
Guatemala
84%
Costa Rica
83%
Panama
83%
Belize
76%
Honduras
74%
El Salvador
69%
Nicaragua
60%
Dominican Republic
57%
Haiti
57%
No matching quizzes found
Score Distribution
Percent of People with Each Score
Percentile by Number Answered
Your Score History
You have not taken this quiz